000 00597nam a2200193Ia 4500
003 SISC
005 20180912132548.0
008 180905s9999 xx 000 0 und d
020 _a9780766086555
050 _aZA 4228
_b.G74 2018
100 _aGreen, Lyric
245 _cLyric Green; Ann Graham Gaines
_aFuture ready internet research skills/
260 _aNY :
_bEnslow Publishing,
_c2018
300 _a48 pages :
_bcolored illustrations ;
_c24 cm.
500 _aIncludes index and bibliography.
650 _aInternet research -- Juvenile literature
942 _2lcc
_cBK
999 _c358546
_d358546